00924 2200205 4500001002100000005001500021008004100036020001500077035001900092041000800111082001100119084001700130100003900147245004800186260003300234300002900267500002700296520037300323650002200696INLIS00000000000021520200508200804200508||||||||| | ||| |||| ||eng|| a0072472413 0010-0520000215 aeng0 a001.01 a001.01/O'L/M0 aTimothy J. O'Leary ; Linda O'Leary00aMicrosoft Excel 2002 : Introductory Edition aNew YorkbMc Graw Hillc2002 axxvii,b:illus.;c28 cm. aIndeks : p.EXI.1-EXI.7 aThe new edition of The O'Leary Series has been made possible only through the enthuasism and dedication of a great team of people. Because the team spans the country, literally from coast to coast, we have utilized every means of working together including conference calls, FAX, e-mail, and document collaboration. We have truly tested the team approach and it works! 0aKomputer-Aplikasi